Ohana: A location based social application (Record no. 13303)
[ view plain ]
| 000 -LEADER | |
|---|---|
| fixed length control field | 00445nam a22001457a 4500 |
| 082 ## - DEWEY DECIMAL CLASSIFICATION NUMBER | |
| Classification number | BESE-2 ALI |
| 100 ## - MAIN ENTRY--PERSONAL NAME | |
| Personal name | Alina Alam |
| 9 (RLIN) | 93034 |
| 245 ## - TITLE STATEMENT | |
| Title | Ohana: A location based social application |
| 260 ## - PUBLICATION, DISTRIBUTION, ETC. | |
| Place of publication, distribution, etc. | Islamabad |
| Name of publisher, distributor, etc. | NUST-SEECS |
| Date of publication, distribution, etc. | 2015 |
| 300 ## - PHYSICAL DESCRIPTION | |
| Extent | Pv. |
| Accompanying material | Softcopy present |
| 500 ## - GENERAL NOTE | |
| General note | Supervisors: Dr. Tahir Azim, Faisal Khan |
| 700 ## - ADDED ENTRY--PERSONAL NAME | |
| Personal name | Ayesha Bilquees |
| 9 (RLIN) | 93035 |
| 856 ## - ELECTRONIC LOCATION AND ACCESS | |
| Uniform Resource Identifier | <a href="http://10.250.8.41:8080/xmlui/handle/123456789/6861">http://10.250.8.41:8080/xmlui/handle/123456789/6861</a> |
| 942 ## - ADDED ENTRY ELEMENTS (KOHA) | |
| Koha item type | Project Report |
| Source of classification or shelving scheme | |
| Withdrawn status | Lost status | Damaged status | Not for loan | Collection code | Permanent Location | Current Location | Shelving location | Date acquired | Full call number | Barcode | Date last seen | Price effective from | Koha item type |
|---|---|---|---|---|---|---|---|---|---|---|---|---|---|
| WITHDRAWN | Central Library (CL) | Central Library (CL) | General Stacks | 07/28/2015 | BESE-2 ALI | SEECSP01703 | 07/26/2015 | 07/26/2015 | Project Report |
